| 000 | 00740nam a2200253 a 4500 | ||
|---|---|---|---|
| 999 |
_c4728 _d4728 |
||
| 001 | 4728 | ||
| 003 | BD-JhCC | ||
| 005 | 20211111134021.0 | ||
| 008 | 171130s2007 u |||| || | 001 0 eng d | ||
| 020 | _a9780471986775 | ||
| 035 | _a(BD-JhCC)4728 | ||
| 040 |
_aBD-JhCC _dBD-JhCC |
||
| 041 | _aeng | ||
| 082 |
_a355.033551 _bBUS 2007 |
||
| 100 | _aBush, Richard C. | ||
| 245 |
_aA War Like No other : _bThe Truth about Chaina's Challenge to America / _cRichard C. Bush; Michael E. O' Hanlon |
||
| 260 |
_aNew Jersey : _bJohn Wiley & Son, Inc, _c2007. |
||
| 300 |
_a232 p. : _c23 cm. |
||
| 504 | _aIncludes Index | ||
| 650 |
_aMilitary Policy _zChina _zAmerica |
||
| 700 | _aO'Hanlon, Michael E. | ||
| 942 |
_2ddc _cBK _02 |
||